000 00404nam a2200181Ia 4500
005 20240823011248.0
008 240823s9999||||xx |||||||||||||| ||und||
041 _aENGLISH
082 _A720 P1
100 _aViswanadham N
245 0 _aIndian Cricket 2001
250 _a1st
260 _c2001
_b"Kasturi,Chennai"
500 _aYES
650 _aGeneral
_bGeneral
942 _cBK
999 _c161021
_d161021